Interpersonal interaction in pluralistic societies : a report of an international, multidisciplinary collaborative research project /

Saved in:
Bibliographic Details
Corporate Author: East-West Culture Learning Institute
Other Authors: Wu, David Y. H.
Format: Book
Language:English
Published: Honolulu, Hawaii : East-West Culture Learning Institute, 1980.
Subjects:
LEADER 01086nam a2200265 a 4500
001 c000231978
003 CARM
005 20070403101033.0
008 070403s1980 hiua b 000 0 eng d
019 1 |a 41488929  |5 LACONCORD2021 
035 |a (OCoLC)19718579  |5 LACONCORD2021 
040 |a VCAV  |c VCAV 
082 0 4 |a 306.446  |2 22 
245 0 0 |a Interpersonal interaction in pluralistic societies :  |b a report of an international, multidisciplinary collaborative research project /  |c edited by David Y.H. Wu. 
260 |a Honolulu, Hawaii :  |b East-West Culture Learning Institute,  |c 1980. 
300 |a iii, 166 p. :  |b ill. ;  |c 28 cm. 
504 |a Includes bibliographical refeences. 
650 0 |a Pluralism. 
650 0 |a Multiculturalism. 
650 0 |a Cultural relations. 
700 1 |a Wu, David Y. H. 
710 2 |a East-West Culture Learning Institute. 
852 8 |b CARM  |h A1:AQ15C1  |i F01705  |p 0268932  |f BK 
999 f f |i 2ccd00d3-70e0-580e-be99-9348d19bdfc7  |s 1f87e357-225d-50b8-b887-f3fdba8f0d9a 
952 f f |p Can circulate  |a CAVAL  |b CAVAL  |c CAVAL  |d CARM 1 Store  |e F01705  |f A1:AQ15C1  |h Other scheme  |i book  |m 0268932